Missing Word: Ghost Movies Quiz Stats

 Plays Quiz Updated Oct 5, 2016

Challenge
Share
Tweet
Embed
Score 0/20 Timer 03:00
0 Plays Today
Movie Missing Word % Correct
A ______ CarolChristmas
97%
The ______ SenseSixth
95.9%
The Blair Witch ______Project
95.8%
What ______ BeneathLies
95.1%
Sleepy ______Hollow
94.4%
Harry Potter and the Chamber of ______Secrets
87.7%
The ______ Before ChristmasNightmare
87.7%
______ ActivityParanormal
83.9%
The Lord of the Rings: The Return of the ______King
78.9%
______ on Haunted HillHouse
78.7%
Movie Missing Word % Correct
The ______ MansionHaunted
77.8%
______ of DreamsField
75.5%
The ______ in BlackWoman
62.8%
Thir13en ______Ghosts
45%
Ghosts of ______ PastGirlfriends
44.2%
Stir of ______Echoes
36.2%
The Haunting in ______Connecticut
33.8%
______ WaterDark
28.4%
The ______ BackboneDevil's
26.7%
Ghost ______Story
26.5%

Today's Daily Dose

You're not logged in!

Compare scores with friends on all Sporcle quizzes.
OR
Log In

You Might Also Like...

Show Comments

Extras

Top Quizzes Today


Score Distribution

Your Account Isn't Verified!

In order to create a playlist on Sporcle, you need to verify the email address you used during registration. Go to your Sporcle Settings to finish the process.

Report this User

Report this user for behavior that violates our Community Guidelines.

Details: